Multi-step enzyme catalysis biotransformations and chemoenzymatic synthesis

Salvato in:
Dettagli Bibliografici
Altri autori: Garcia-Junceda, Eduardo (Redattore)
Natura: Libro
Lingua:inglese
Pubblicazione: Weinheim Wiley-VCH 2008
Soggetti:
Accesso online:Visualizza in OPAC
Tags: Aggiungi Tag
Nessun Tag, puoi essere il primo ad aggiungerne!!

MARC

LEADER 00000nam a2200000 a 4500
005 20260127134316.0
008 141107 2008 000 0 eng d
020 |a 9783527319213 
020 |a 3527319212 
035 |a vtls010633992 
039 9 |a 201411071034  |b mschk03  |y 201411071027  |z mschk03 
040 |a STUSCHK1  |b slo  |c STUSCHK1  |e AACR2 
080 |a 572.7 œ2 22 
245 1 |a Multi-step enzyme catalysis  |b biotransformations and chemoenzymatic synthesis  |c edited by Eduardo Garcia-Junceda 
260 |a Weinheim  |b Wiley-VCH  |c 2008 
300 |a xv, 241 p.  |b ill.  |c 25 cm 
504 |a Includes bibliographical references and index. 
650 0 |a Catalysis 
650 0 |a Enzymes  |x Biotechnology 
700 1 |a Garcia-Junceda, Eduardo  |4 edt. 
910 |a SCHK95 
919 |a 978-3-527-31921-3 
999 |c 9424  |d 9424